ČSN 34 1090 Předpisy pro prozatímní elektrická zařízení
| Médium: | Kniha |
|---|---|
| Jazyk: | neznámy jazyk |
| Fyzický popis: | 21 s. |
| Vydavateľské údaje: |
Praha
ÚN
[1961]
|
MARC
| LEADER | 00000nam a2200000 a 4500 | ||
|---|---|---|---|
| 001 | vtls001267911 | ||
| 003 | SK-MaSNL | ||
| 005 | 20260224105020.0 | ||
| 008 | 961127s1961 xx 0 und | ||
| 035 | |a SNK000218903 | ||
| 040 | |a SNK |b slo |c SNK |e AACR2 | ||
| 245 | 1 | |a ČSN 34 1090 Předpisy pro prozatímní elektrická zařízení | |
| 260 | |a Praha |b ÚN |c [1961] | ||
| 300 | |a 21 s. | ||
| 999 | |c 970886 |d 972816 | ||
| 952 | |t P60, <04>, [BOOK], {604} |a SNK |b SNK |y VYP |7 0 |p 17A0023205 |o snkČSN 34 1090 |0 0 |1 0 |4 0 |d 1996-11-27 |l 0 |r 2005-01-01 00:00:00 |w 2026-02-24 | ||


